Word Ladder #2 - Statistics

General Stats
  • This quiz has been taken 60 times
  • The average score is 14 of 20
Answer Stats
Hint Word % Correct
Honey makers BEES
96%
Top of a building ROOF
88%
Spit, in the past SPAT
88%
Was BEEN
86%
Legume BEAN
82%
Contains little fat LEAN
82%
Place within a home ROOM
82%
Dot SPOT
82%
Bread LOAF
78%
Start a computer BOOT
76%
Foliage LEAF
74%
Palm, Scottish LOOF
74%
Treasure LOOT
72%
Dark powder SOOT
72%
Fabric maker LOOM
68%
Poker calls BETS
60%
Imperial unit FOOT
60%
Hit sharply SWAT
22%
Horse riding equipment BITS
18%
Idiot TWAT
18%
No matching quizzes found
Score Distribution
Percent of People with Each Score
Percentile by Number Answered
Your Score History
You have not taken this quiz